Central Library OPAC University of Rajshahi

Italy / (Record no. 22952)

MARC details
000 -LEADER
fixed length control field 00878nam a22002892a 4500
001 - CONTROL NUMBER
control field 22952
003 - CONTROL NUMBER IDENTIFIER
rucl marc code BD-RJUL
005 - DATE AND TIME OF LATEST TRANSACTION
control field 20211209000856.0
008 - FIXED-LENGTH DATA ELEMENTS--GENERAL INFORMATION
fixed length control field 140309s1961 enka b 001 0 eng d
035 ## - SYSTEM CONTROL NUMBER
System control number (bd-rjul)23019
040 ## - CATALOGING SOURCE
Original cataloging agency GZP
Transcribing agency GZP
Modifying agency OCL
-- UKM
-- EQO
Language of cataloging eng
041 ## - LANGUAGE CODE
Language code of text/sound track or separate title eng
082 ## - DEWEY DECIMAL CLASSIFICATION NUMBER
Classification number 945
Edition number 18
Author mark and year KUI 1961
090 ## - LOCALLY ASSIGNED LC-TYPE CALL NUMBER (OCLC); LOCAL CALL NUMBER (OCLC)
Classification number (OCLC) (R) ; Classification number, CALL (RLIN) (NR) DG430
Local cutter number (OCLC) ; Book number/undivided call number, CALL (RLIN) .K8 1961
100 1# - MAIN ENTRY--PERSONAL NAME
Personal name Kubly, Herbert.
9 (RLIN) 70767
245 10 - TITLE STATEMENT
Title Italy /
Statement of responsibility, etc. by Herbert Kubly and the editors of Life
250 ## - EDITION STATEMENT
Edition statement Rev. English ed.
260 ## - PUBLICATION, DISTRIBUTION, ETC. (IMPRINT)
Place of publication, distribution, etc. London :
Name of publisher, distributor, etc. "The Sunday Times,
Date of publication, distribution, etc. [c1961]
300 ## - PHYSICAL DESCRIPTION
Pagination 160 p. :
Illustrations illus. (part col.) map (on lining papers) ;
Size 28 cm.
490 1# - SERIES STATEMENT
Series statement Sunday Times world library
504 ## - BIBLIOGRAPHY, ETC. NOTE
Bibliography, etc Includes index
651 #0 - SUBJECT ADDED ENTRY--GEOGRAPHIC NAME
Geographic name Italy
General subdivision Description and travel
9 (RLIN) 70768
830 #0 - SERIES ADDED ENTRY--UNIFORM TITLE
Uniform title Sunday Times world library
942 ## - ADDED ENTRY ELEMENTS (KOHA)
Source of classification or shelving scheme Dewey Decimal Classification
Koha item type Books
Holdings
Lost status Source of classification or shelving scheme Damaged status Not for loan Collection code Permanent Location Current Location Shelving location Date acquired Source of acquisition Cost, normal purchase price Total Checkouts Full call number Date last seen Copy number Koha item type
  Dewey Decimal Classification   Added to bundle Fiction Central Library, University of Rajshahi Central Library, University of Rajshahi Reading Room 25/06/1964 USIS 0.00   945 KUI 1961 09/03/2014 C-1 Books